Saved in:
Bibliographic Details
Corporate Author: Universiti Pertahanan Nasional Malaysia Fakulti Sains & Teknologi Pertahanan
Format: Thesis Book
Language:Malay
Published: Kuala Lumpur Fakulti Sains & Teknologi Pertahanan 2011
Series:Projek Sarjana Muda
Final Year Project
Undergraduate Project
Subjects:
Tags: Add Tag
No Tags, Be the first to tag this record!
Call Number :psm ZC27 2011

MARC

LEADER 00000nam a2200000 a 4500
001 4806
003 MY-KLNDU
005 20241218051749.0
008 151118s2011 my a abm 000 0 may d
039 9 |y 201511181513  |z syarifuddin 
040 |a UPNM 
090 |a psm ZC27  |b 2011 
260 |a Kuala Lumpur  |b Fakulti Sains & Teknologi Pertahanan  |c 2011 
300 |b ill.  |c 30 cm. 
490 1 |a Projek Sarjana Muda 
490 1 |a Final Year Project 
490 1 |a Undergraduate Project 
502 |a Projek Sarjana Muda  |b Sarjana Muda Sains Komputer (Keselamatan Sistem Komputer) 
502 |a Final Year Project  |b Bachelor of Computer Science (Computer System Security) 
502 |a Undergraduate Project  |b Bachelor of Computer Science (Computer System Security) 
592 |c Hadiah & Sumbangan  |h UPNM 
655 |a Sarjana Muda Sains Komputer (Keselamatan Sistem Komputer) 
655 |a Bachelor of Computer Science (Computer System Security) 
710 2 |a Universiti Pertahanan Nasional Malaysia  |b Fakulti Sains & Teknologi Pertahanan 
830 0 |a Projek Sarjana Muda 
830 0 |a Final Year Project 
830 0 |a Undergraduate Project 
999 |a vtls000054613  |c 4806  |d 4806